Sports Quiz

Random Sports Quiz

Hamilton Academical SPL Players (08/11) Quiz Stats

Quiz not verified by Sporcle

Challenge
Share
Tweet
Embed
Score 0/74 Timer 08:00
0 Plays Today
% Correct
James McArthur
89.2%
James McCarthy
89.2%
Tomas Cerny
87.7%
Martin Canning
78.5%
Simon Mensing
75.4%
Brian Easton
73.8%
Alex Neil
70.8%
Richard Offiong
61.5%
Mickael Antoine Curier
58.5%
Mark McLaughlin
56.9%
Dougie Imrie
55.4%
Nigel Hasselbaink
53.8%
Flavio Paixao
53.8%
Marco Paixao
53.8%
Sean Murdoch
47.7%
Ali Crawford
47.7%
Gary McDonald
46.2%
Marvin Andrews
44.6%
Joel Thomas
43.1%
Andy Graham
38.5%
David Graham
38.5%
Ziggy Gordon
38.5%
Gavin Skelton
36.9%
Tony Stevenson
36.9%
Chris Swailes
35.4%
David Elebert
33.8%
Derek Lyle
33.8%
Paul McGowan
32.3%
Grant Gillespie
30.8%
Lucas Akins
29.2%
James Gibson
27.7%
James Wesolowski
27.7%
Jim Goodwin
26.2%
Jordan McMillan
26.2%
Rocco Quinn
26.2%
Leon Knight
24.6%
Luis Rubiales
24.6%
% Correct
Marc Corcoran
23.1%
John Paul Kissock
23.1%
Trent McClenahan
23.1%
Kenny Deuchar
21.5%
Izzy Iriekpen
21.5%
Michael Devlin
21.5%
Damian Casalinuovo
20%
Jim McAlister
20%
David Buchanan
18.5%
Grant Evans
18.5%
Kieran Millar
18.5%
Chris Casement
16.9%
Gary Mason
16.9%
Sebastien Sorsa
16.9%
Derek Asamoah
15.4%
Guillaume Beuzelin
15.4%
Stuart Elliott
15.4%
Tom Elliott
15.4%
Stephen Ettien
15.4%
Jon Routledge
15.4%
Lee Kilday
15.4%
Stuart Mills
13.8%
Jack Ross
13.8%
Stuart Taylor
13.8%
David Van Zanten
12.3%
Jordan Kirkpatrick
12.3%
Richard Hastings
10.8%
David Louhoungou
10.8%
Kyle Wilkie
9.2%
David Hopkirk
9.2%
Kevin Welsh
7.7%
John Sullivan
6.2%
James Chambers
6.2%
Mark Carrington
4.6%
Brian McQueen
4.6%
Aaron Wildig
3.1%
Connor McGlinchey
3.1%

You're not logged in!

Compare scores with friends on all Sporcle quizzes.
Sign Up with Email
OR
Log In

You Might Also Like...

Show Comments

Extras

Top Quizzes Today


Score Distribution

Your Account Isn't Verified!

In order to create a playlist on Sporcle, you need to verify the email address you used during registration. Go to your Sporcle Settings to finish the process.